Представление документа в формате MARC21

Поле Инд. ПП Название Значение
Тип записи a
Библиографический уровень m
001 Контрольный номер RU/IS/BASE/264546899
005 Дата корректировки 20250404103826.2
008 Кодируемые данные 19971008
040 00 e Правила каталог. Л 971008
084 a Индекс другой классификации/Индекс ББК 84(2=411.2)6; 84(2=411.2)6-442.3; 84(2=411.2)6-46
090 00 a Полочн. индекс 84(2=411.2)6
x Авторский знак В 714
097 00 a 210
100 10 a Автор Вольнов И. Е.
q Полное имя Вольнов Иван Евгеньевич
245 00 a Заглавие Избранные произведения
c Ответственность составители А. И. Вольнова, Н. Н. Примочкиной; редактор К. Н. Нещименко; вступительная статья, комментарии Н. Н. Примочкиной; художник И. Гирель
260 00 a Место издания Москва
b Издательство Художественная литература
c Дата издания 1967
300 00 a Объем 510 с.
b Иллюстрации/ тип воспроизводства портр.
336 a Термин вида содержания Текст
337 a Термин типа средства непосредственный
504 a Библиография Коммент.: с. 485-509
505 0_ a Форматированное содержание Повесть о днях моей жизни
505 0_ a Форматированное содержание На рубеже
505 0_ a Форматированное содержание Осенью
505 0_ a Форматированное содержание После смены
505 0_ a Форматированное содержание Батя
505 0_ a Форматированное содержание Дети нужды
505 0_ a Форматированное содержание Самара
505 0_ a Форматированное содержание Передышка
505 0_ a Форматированное содержание Женмасса
505 0_ a Форматированное содержание Новая земля
505 0_ a Форматированное содержание Батя на празднике
505 0_ a Форматированное содержание Эпитафия
505 0_ a Форматированное содержание Возвращение
650 04 a Основная рубрика художественная литература
653 00 a Ключевые слова XX век
a Ключевые слова Россия
a Ключевые слова русская литература
655 00 a Жанр/ форма (устаревшее) проза
a Жанр/ форма (устаревшее) очерк
a Жанр/ форма (устаревшее) повесть
a Жанр/ форма (устаревшее) рассказ
a Жанр/ форма (устаревшее) автобиографическая повесть
700 12 a Автор Вольнов А. И.
e Роль лиц составитель
700 1_ a Автор Примочкина Н. Н.
e Роль лиц составитель; автор вступительной статьи; автор комментариев
700 1_ a Автор Нещименко К. Н.
e Роль лиц редактор
700 1_ a Автор Гирель И.
e Роль лиц художник
901 t Тип документа m
952 a Тип литературы для КСУ ВШ ЛХИ